| 000 | 00475nam a2200145 a 4500 | ||
|---|---|---|---|
| 008 | 120416s1964 ||||||||||||||||| || u | ||
| 050 | _aHG 3881 Sca | ||
| 100 | _aScammell, W. M | ||
| 245 | 1 | 0 | _aInternational monetary policy |
| 250 | _a2nd ed. | ||
| 260 |
_aLondon _bMacmillan _c1964 |
||
| 300 | _axv, 428p. | ||
| 350 | _a0.00 | ||
| 995 |
_D0.00 _FCBU-MAIN LIBRARY (Kitwe) _H1 _I0.00 _M1 _UDAMAGED _ZMain Library Open Access Collection |
||
| 999 |
_c47452 _d47452 |
||